[Event "Caldaro Puntay op-B 1st"]
[Site "Caldaro"]
[Date "2016.10.22"]
[Round "2"]
[White "Schroffenegger, Simon"]
[Black "Sparber, Werner"]
[Result "0-1"]
[WhiteElo "1639"]
[BlackElo "1777"]
[PlyCount "120"]
[EventDate "2016.10.21"]
[EventType "swiss"]
[EventRounds "5"]
[EventCountry "ITA"]
[SourceTitle "EXT 2018"]
[Source "ChessBase"]
[SourceDate "2017.10.13"]
[SourceVersion "1"]
[SourceVersionDate "2017.10.13"]
[SourceQuality "1"]

1. e4 e5 2. f4 d6 3. Nf3 Nc6 4. Bc4 Be7 5. 0-0 Nf6 6. Nc3 0-0 7. f5 a6 8. a4 Nxe4 9. Nxe4 d5 10. Bd3 dxe4 11. Bxe4 Nd4 12. g4 Bc5 13. Kg2 Qd6 14. c3 Nc6 15. d3 Ne7 16. Qe1 f6 17. Qg3 c6 18. h4 Bb6 19. Nd2 Bc7 20. Nc4 Qd8 21. Qh3 Nd5 22. a5 Rb8 23. Be3 b5 24. axb6 Nxb6 25. Nxb6 Bxb6 26. Bxc6 Qxd3 27. Bxb6 Qxh3+ 28. Kxh3 Rxb6 29. Bd5+ Kh8 30. b4 Rd8 31. Rfd1 Rbd6 32. c4 e4 33. Re1 Rb6 34. Rxe4 Rxb4 35. Rd1 h5 36. Rde1 Kh7 37. Re8 hxg4+ 38. Kh2 Rxe8 39. Rxe8 Bxf5 40. Ra8 Bd3 41. c5 Rd4 42. Bg8+ Kg6 43. c6 Bf5 44. Rxa6 Rd2+ 45. Kg3 Rc2 46. Bd5 Rc3+ 47. Kf4 Rd3 48. h5+ Kxh5 49. Kxf5 Rxd5+ 50. Kf4 Rc5 51. Ke4 f5+ 52. Kd4 Rc1 53. Ra5 Kg5 54. Rc5 Rd1+ 55. Ke5 Rd8 56. Ke6 g3 57. Rxf5+ Kg4 58. Rf7 g5 59. Ke7 Rd1 60. c7 Rc1 0-1